| 000 | 00699nam a22002177a 4500 | ||
|---|---|---|---|
| 999 |
_c3328 _d3328 |
||
| 003 | AR-CdUCM | ||
| 008 | 190306b ||||| |||| 00| 0 spa d | ||
| 020 | _a8432000078 | ||
| 040 |
_aMUNICIPALIDAD PROVINCIAL DEL CUSCO _cBIBLIOTECA MUNICIPAL DEL CUSCO |
||
| 082 |
_213ed. _a377.6 / _bB39 |
||
| 100 |
_aBerge, A. _911052 |
||
| 245 | _aEducación sexual de la infancia / | ||
| 260 |
_aEspaña : _bPlaneta, _c1980. |
||
| 300 |
_a176 páginas ; _c18 cm. |
||
| 440 |
_aPAIDEIA _911053 |
||
| 505 | _aLa información sexual -- La educación sexual propiamente dicha... | ||
| 650 |
_aInformación sexual. _911054 |
||
| 650 |
_aEducación sexual. _96369 |
||
| 942 |
_2ddc _cLIBROS |
||
| 945 |
_awfj _d2019-03-06 |
||